000 00761nam a2200205Ii 4500
003 JO-AjNU
008 230605s9999||||xx |||||||||||||| ||und||
017 _a44225
040 _aJO-AjNU
_bara
_erda
_cJO-AjNU
041 _aara
050 1 4 _aBP145.B38.A93.2021
100 3 _aالعزب، ليث مطيع,
_eauthor
_962227
245 0 0 _aالمنهج الاصولي عند الامام الاسنوي وتطبيقاته الفقهية
264 3 1 _aعمان: المؤلف، 2021
300 _a377ص
_b ويحتوي على قائمة مراجع من 373ص-ص377
336 _atext
_btxt
_2rdacontent
337 _aunmediated
_bn
_2rdamedia
338 _avolume
_bnc
_2rdacarrier
650 4 _aالفقه الاسلامي- الفقهاء المسلمون
_962228
999 _aA28168
_c31736
_d31736